000 01323nam2a22002411 4500
001 rc\3282753
005 20250609173307.0
035 _a(NLR Aleph) 007398998
090 _a6692100
_c6692100
100 _a20130115d1983 |||y0rusy50 ca
101 0 _arus
102 _aRU
105 _ay z |||||
200 0 _a... за 1980-1981. Кн. 1
_eОтеч. и иностр. лит. ...
210 _d1983
_aБ. м.
215 _a214 л.
_d25
225 1 _aБиблиографический указатель
_fВсесоюз. о-во "Знание", ОНТИ и библиогр. Центр. политехн. библиотека
_v№ 13575. Продолж. б/у № 13146
461 0 _1001rc\2359242
_12001#$aУнификация, типизация, комплексная стандартизация и агрегатирование в машиностроении$eОтеч. и иностр. лит. ...$v... за 1980-1981. Кн. 1
_96004438
_cМосква
_d1977
_nБ. и.
_oОтеч. и иностр. лит. ...
_tУнификация, типизация, комплексная стандартизация и агрегатирование в машиностроении
_v... за 1980-1981. Кн. 1
801 0 _aRU
_bNLR
_gpsbo
801 1 _aRU
_bELAR
_2rusmarc
852 _aNLR
_jС К-3/35
942 _cBOOK
980 _aNB